Countries with Greatest Population Decrease 2000-2050 - Statistics

General Stats
  • This quiz has been taken 161 times
  • The average score is 7 of 10
Answer Stats
Loss Country % Correct
44.2 million Russia
94%
17.3 million Japan
84%
17.9 million Ukraine
83%
12.7 million Italy
75%
3.1 million Germany
73%
5.7 million Poland
69%
4.4 million Romania
68%
3.4 million Spain
67%
2.8 million Bulgaria
58%
3.8 million South Africa
21%
No matching quizzes found
Score Distribution
Percent of People with Each Score
Percentile by Number Answered
Your Score History
You have not taken this quiz